| 000 | 00674pab a2200169 454500 | ||
|---|---|---|---|
| 008 | 180718b2004 xxu||||| |||| 00| 0 eng d | ||
| 100 | _aChandra, Lokesh | ||
| 245 | _aPanchsheel as the foundation of a humane international order | ||
| 260 | _c2004 | ||
| 300 | _ap.78-81. | ||
| 362 | _aOct-Dec | ||
| 520 | _aThe golden rule of Panchsheel expresses the spiritual essence of both the ancient Indian and Chinese civilisations. Therefore, it is familiar to all East and South Asia and enshrines an alternative to hegemonic monocultural globalisation. - Reproduced. | ||
| 650 | _aPanchsheel | ||
| 650 | _aInternational relations | ||
| 773 | _aWorld Affairs | ||
| 909 | _a64561 | ||
| 999 |
_c64561 _d64561 |
||